Calculus /
Guardado en:
| Autor Principal: | |
|---|---|
| Otros Autores: | |
| Formato: | Libro |
| Idioma: | English |
| Publicado: |
New York :
Springer-Verlag,
c1985.
|
| Edición: | 2nd ed. |
| Series: | Undergraduate texts in mathematics
|
| Materias: | |
| Etiquetas: |
Agregar Etiqueta
Sin Etiquetas, Sea el primero en etiquetar este registro!
|
| LEADER | 01116cam a2200325 a 4500 | ||
|---|---|---|---|
| 001 | MAT.inmabb003485 | ||
| 008 | 840404s1985####nyua##########001#0#eng## | ||
| 005 | 20150703124111.0 | ||
| 245 | 1 | 0 | |a Calculus / |c Jerrold Marsden, Alan Weinstein. |
| 250 | |a 2nd ed. | ||
| 260 | |a New York : |b Springer-Verlag, |c c1985. | ||
| 300 | |a 3 v. (xiv, 934, 104, 15 p.) : |b il. ; |c 27 cm. | ||
| 440 | 0 | |a Undergraduate texts in mathematics | |
| 500 | |a Previous ed. published in 1980 as chapters 1-6 of Calculus. | ||
| 500 | |a Includes index. | ||
| 020 | |a 0387909745 (v. 1 : pbk.) | ||
| 020 | |a 0387909753 (v. 2 : pbk.) | ||
| 020 | |a 0387909850 (v. 3 : pbk.) | ||
| 100 | 1 | |a Marsden, Jerrold E. | |
| 700 | 1 | |a Weinstein, Alan, |d 1943- | |
| 700 | 1 | |a Marsden, Jerrold E. |t Calculus. |n Chapters 1-6. | |
| 740 | 0 | |a Calculus 1. | |
| 740 | 0 | |a Calculus one. | |
| 650 | 0 | |a Calculus. | |
| 084 | |a 26-01 |2 msc2000 | ||
| 010 | |a 84005478 | ||
| 040 | |a DLC |c DLC |d DLC | ||
| 859 | |h 26 |i M364c |p A-6116 |v 1 |3 Vol. 1 |b BIB. MATEMATICA | ||
| 859 | |h 26 |i M364c |p A-6117 |v 2 |3 Vol. 2 |b BIB. MATEMATICA | ||
| 859 | |h 26 |i M364c |p A-6118 |v 3 |3 Vol. 3 |b BIB. MATEMATICA | ||
